000 00970nam a2200217Ii 4500
003 JO-AjNU
008 230605s9999||||xx |||||||||||||| ||und||
017 _a2015/5563
020 _a978-977-92-0181-8
040 _aJO-AjNU
_bara
_erda
_cJO-AjNU
041 _aara
050 1 4 _aDR486.2006
100 3 _aترجمة وتقديم: ناصر عبد الرحيم حسين,
_eauthor
_960536
245 0 0 _aتاريخ بجوى ابراهيم افندي: التاريخ السياسي والعسكري للدولة العثمانية من عهد السلطان سليمان القانوني حتى عهد السلطان سليم الاول، مج1
250 _aط1
264 3 1 _aالقاهرة: المركز القومي للترجمة، 2015
300 _aمج1: 525ص
_bكتاب مترجم من اللغة الفارسية الى اللغة العربية
336 _atext
_btxt
_2rdacontent
337 _aunmediated
_bn
_2rdamedia
338 _avolume
_bnc
_2rdacarrier
999 _aA27302
_c30870
_d30870